Lógica de D. Andrés Piquer /

Збережено в:
Бібліографічні деталі
Автор: Piquer, Andrés (autor)
Формат: Книга
Мова:Іспанська
Предмети:
Теги: Додати тег
Немає тегів, Будьте першим, хто поставить тег для цього запису!

MARC

LEADER 00000nam^a2200000^a^4500
001 000380619
005 20250526000000.0
009 20260310120610.082
037 |a Acervo Xavier Clavigero 
041 |a ESP 
082 |a 160.  |b PIQ 
100 |a Piquer, Andrés  |e (autor) 
245 1 0 |a Lógica de D. Andrés Piquer /  |c A. Piquer. 
264 |a Madrid, España :  |b Imprenta de Joachin Ibarra,  |c 1771 
300 |a XLII, 272 p. ;  |c 20.5 cm. 
336 |a texto  |b txt  |2 rdacontenido 
337 |a sin mediación  |b n  |2 rdamedio 
338 |a volumen  |b nc  |2 rdasoporte 
501 |a Encuadernación particular 
561 |a Ex libris de Instituto de Literatura Puente Grande, Jal. 
561 |a Ex libris de Bibliotheca Collegii Maximi Prov. Mexicanae, S.J. 
561 |a Ex libris de Bibl. Iunioratus Dom. Prob. S. Ioseph 
562 |a Falta cubierta 
649 |a XX 
650 |a Acto y Potencia 
650 |a Sentidos y Sensaciones 
650 |a Errores 
650 |a Religión 
650 |a Lógica -  |x Tema Principal 
650 |a Metodología 
650 |a Filosofía 
910 |a Fondo General 
920 |a Impresos - Libros 
930 |a Libros Antiguos y Raros 
905 |a 108 
901 |a 0500275661  |b IT2  |c LRA  |u 20250526 
902 |a https://opac.biblio.iteso.mx/vufind/Record/000380619